Brave new seeds : (Record no. 817)
[ view plain ]
| 000 -LEADER | |
|---|---|
| fixed length control field | 00791cam a22001934a 4500 |
| 020 ## - INTERNATIONAL STANDARD BOOK NUMBER | |
| ISBN | 1856499006 (Pb) |
| 020 ## - INTERNATIONAL STANDARD BOOK NUMBER | |
| ISBN | 1856498999 (Hb) |
| 050 00 - CALL NUMBER | |
| Classification number | SB123.57 |
| Item number | .B73 |
| 100 1# - AUTHOR | |
| Personal name | Brac de la Perrière, Robert Ali. |
| 245 10 - TITLE | |
| Title | Brave new seeds : |
| Remainder of title | the threat of transgenic crops to farmers in the south / |
| Statement of responsibility, etc | Robert Ali Brac de la Perrière & Franck Seuret ; translated by Manisha Sovani & Vijaya Rao. |
| 260 ## - PUBLICATION INFORMATION | |
| Place of publication | London ; |
| -- | New York : |
| Name of publisher | Zed Books : |
| -- | Distributed in the USA exclusively by St. Martin's Press, |
| Year of publication | 2000. |
| 300 ## - DESCRIPTION | |
| Number of Pages | xii, 147 p. ; |
| Dimensions | 20 cm. |
| 500 ## - NOTES | |
| General note | includes index |
| 650 #0 - SUBJECTS | |
| Topical Term | Transgenic plants. |
| 650 #0 - SUBJECTS | |
| Topical Term | Plant genetic engineering |
| General subdivision | Moral and ethical aspects. |
| 650 #0 - SUBJECTS | |
| Topical Term | Crops |
| General subdivision | Genetic engineering |
| -- | Environmental aspects. |
| 700 1# - OTHER AUTHORS | |
| Personal name | Seuret, Franck. |
| 942 ## - ADDED ENTRY ELEMENTS (KOHA) | |
| Koha item type | Books |
| Withdrawn status | Lost status | Home library | Current library | Date acquired | Full call number | Accession Number | Koha item type |
|---|---|---|---|---|---|---|---|
| Methodist University Library Wenchi Faculty | Methodist University Library Wenchi Faculty | 14/11/2017 | SB123.57 .B73 | 28826 | Books | ||
| Methodist University Library Wenchi Faculty | Methodist University Library Wenchi Faculty | 14/11/2017 | SB123.57 .B73 | 28827 | Books | ||
| Methodist University Library Wenchi Faculty | Methodist University Library Wenchi Faculty | 14/11/2017 | SB123.57 .B73 | 28838 | Books | ||
| Methodist University Library Wenchi Faculty | Methodist University Library Wenchi Faculty | 14/11/2017 | SB123.57 .B73 | 28839 | Books |